Statistiques concernant Pays dont les femmes ont leur premier enfant le plus tard

Cliquez ici pour prendre le quiz!

Statistiques générales

  • Ce quiz a été pris 105 fois
  • Le résultat moyen est 11 sur 15

Statistiques - réponses

Âge moyen* Pays % Correct
29.20Allemagne
87%
30.30Japon
87%
29.80Espagne
84%
30.30Italie
81%
30.20Suisse
80%
29.20Portugal
77%
29.80Hong Kong
76%
30.50Australie
75%
31.20Grèce
68%
30.30Corée du Sud
68%
29.40Pays-Bas
66%
29.10Danemark
63%
29.80Irlande
62%
30.20Luxembourg
57%
29.80Singapour
39%

Distribution des résultats

Percentile par nombre de réponses

% des personnes avec chaque résultat

Votre développement - résultats

Vous n’avez pas pris ce quiz